=LDR 00000nam 2200000 4500 =001 INLIS000000000022493 =005 20130612121238 =008 ***********************************Ind** =035 ##$$0010-061300000022493 =041 ##$$a Ind =082 ##$$a 636.586 =090 ##$$a 636.586, Nur-u =100 ##$$a Nurcahyo, Eko M =245 ##$$a Usaha pembesaran ayam kampung pedaging, Eko M. Nurcahyo, Yustina Erna Widyastuti =260 ##$$a 2005 $b Jakarta =300 ##$$a vi, 74 hlm., ilus., 21 cm =650 ##$$a Ayam kampung =850 ##$$a NBPNMAT